[Event "TCh-BEL 2001-2"]
[Site "Belgium BEL"]
[Date "2002.01.06"]
[Round "6"]
[White "Eliet,N"]
[Black "Renet,J"]
[Result "1-0"]
[WhiteElo "2401"]
[BlackElo "2260"]

1.d4 g6 2.e4 Bg7 3.Nc3 c6 4.f4 d5 5.e5 h5 6.Be3 Nh6 7.Nf3 Bf5 8.Be2 Nd7 9.Qd2 e6
10.h3 b5 11.Ng5 f6 12.exf6 Bxf6 13.O-O Qc7 14.a4 b4 15.Nd1 a5 16.Nf2 Bxg5
17.fxg5 Nf7 18.Rae1 O-O 19.Bd3 Rae8 20.c3 bxc3 21.Qxc3 Qb6 22.Rc1 Rc8 23.Rfe1 Qd8
24.Qd2 Qb6 25.Qc3 Qd8 26.Ba6 Rb8 27.h4 Rb6 28.Bf1 Nd6 29.Qxa5 Ne4 30.Nxe4 Bxe4
31.Qd2 Qb8 32.Re2 Rb3 33.Rc3 e5 34.a5 Rxc3 35.Qxc3 exd4 36.Bxd4 Qf4 37.Rf2 Qxh4
38.Rxf8+ Nxf8 39.a6 Qxg5 40.a7 Qd8 41.Qxc6  1-0

[Event "TCh-BEL 2001-2"]
[Site "Belgium BEL"]
[Date "2002.01.06"]
[Round "6"]
[White "Dijckmans,B"]
[Black "Marechal,A"]
[Result "1/2-1/2"]
[WhiteElo "2134"]
[BlackElo "2311"]

1.d4 g6 2.e4 Bg7 3.Nc3 c6 4.Bc4 d6 5.Qf3 e6 6.Nge2 Nd7 7.O-O Ngf6 8.Bb3 O-O
9.Bg5 e5 10.Rad1 Qe7 11.Qe3 Re8 12.f4 exd4 13.Qxd4 Nxe4 14.Bxe7 Bxd4+ 15.Rxd4 Nxc3
16.Nxc3 Rxe7 17.Rxd6 Nb6 18.a4 a5 19.Rfd1 Bf5 20.Rd8+ Re8 21.R8d6  1/2-1/2

[Event "TCh-CZE 2001-2"]
[Site "CZE"]
[Date "2002.01.12"]
[Round "6"]
[White "Vyskocil,N"]
[Black "Karlik,V"]
[Result "1/2-1/2"]
[WhiteElo "2297"]
[BlackElo "2277"]

1.e4 g6 2.d4 Bg7 3.Nc3 c6 4.Nf3 d6 5.Be3 Nf6 6.Qd2 Bg4 7.Bh6 Bxh6 8.Qxh6 Bxf3
9.gxf3 Qa5 10.O-O-O Nbd7 11.Be2 O-O-O 12.f4 e5 13.fxe5 dxe5 14.dxe5 Qxe5
15.f4 Qc5 16.Qh3 Kb8 17.Rd3 Nb6 18.Rhd1 Qe7 19.Qg3 Rxd3 20.Qxd3 Nfd7 21.Qd4 Re8
22.Bf3 Nc5 23.Bg2 f6 24.b3 Ne6 25.Qe3 g5 26.fxg5 Nxg5 27.Qf4+ Qe5 28.Rf1 Nd7
29.h4 Qxf4+ 30.Rxf4 Ne6 31.Rf1 Rg8 32.Bh3 Nef8 33.Bxd7 Nxd7 34.Rf4 Kc7 35.Kd2 Rg2+
36.Ne2 Kd6 37.Ke3 Ke7 38.Rf2  1/2-1/2

[Event "18th Open"]
[Site "Skopje MKD"]
[Date "2002.01.16"]
[Round "2"]
[White "Rusomanov,A"]
[Black "Kutirov,R"]
[Result "1/2-1/2"]
[WhiteElo "2182"]
[BlackElo "2367"]

1.e4 g6 2.d4 Bg7 3.Nc3 c6 4.Nf3 d6 5.Be2 Nf6 6.O-O O-O 7.Bg5 Qc7 8.Qd2 Nbd7
9.Rfe1 b5 10.e5 b4 11.exf6 exf6 12.Bf4 bxc3 13.Qxc3 Rd8 14.Bc4 Nb6 15.Bb3 Bg4
16.Nd2 g5 17.Bg3 f5 18.f4 c5 19.Bf2 Rac8 20.a4 Qb7 21.Qd3 gxf4 22.a5 Nd5
23.a6 Qc6 24.Qc4 Ne3 25.Qxf7+ Kh8 26.d5 Qc7 27.Qxc7 Rxc7 28.Nc4 Nxc4 29.Bxc4 Be5
30.Bh4 Rf8 31.Rxe5 dxe5 32.d6 Rd7 33.Be7 Rxe7 34.dxe7 Re8 35.Ra5 Rxe7 36.Rxc5 e4
37.h3  1/2-1/2

[Event "18th Open"]
[Site "Skopje MKD"]
[Date "2002.01.23"]
[Round "9"]
[White "Nedev,T"]
[Black "Kutirov,R"]
[Result "1-0"]
[WhiteElo "2487"]
[BlackElo "2367"]

1.e4 g6 2.d4 Bg7 3.Nc3 c6 4.Nf3 d6 5.h3 Nf6 6.Bd3 O-O 7.O-O Nbd7 8.Be3 e5
9.Qd2 Qe7 10.Rfe1 Rd8 11.a4 Nf8 12.Rad1 Ne8 13.Bc4 Be6 14.d5 Bc8 15.b4 Nc7
16.Nh2 cxd5 17.exd5 Ne8 18.Bb3 Kh8 19.f4 Nd7 20.Nf3 Qf8 21.Ne4 Nef6 22.Nxf6 Bxf6
23.c4 b6 24.Qf2 exf4 25.Bxf4 Bc3 26.Ng5 Bxb4 27.Qh4 Nf6 28.Rf1 Bc5+ 29.Kh1 Bf5
30.Bc1 Kg8 31.Bb2 Nh5 32.Rxf5 gxf5 33.Qxh5 h6 34.Nh7  1-0

[Event "TSGM January"]
[Site "Novi Sad YUG"]
[Date "2002.01.24"]
[Round "6"]
[White "Fontaine,R"]
[Black "Popchev,M"]
[Result "1-0"]
[WhiteElo "2469"]
[BlackElo "2448"]

1.e4 g6 2.d4 Bg7 3.Nc3 c6 4.Nf3 b5 5.Bd3 d6 6.Be3 Nd7 7.O-O Bb7 8.Ne2 Ngf6
9.Ng3 O-O 10.h3 e5 11.c3 a6 12.a4 Re8 13.dxe5 dxe5 14.Qe2 Nb6 15.Rfd1 Qc7
16.a5 Nbd7 17.c4 Bf8 18.Rdc1 Qd8 19.c5 Bc8 20.b4 Qe7 21.Rd1 Bg7 22.Bc2 Ra7
23.Rd6 Rc7 24.Rad1 Nf8 25.Bc1 h6 26.Bb2 N6h7 27.Qd2 Ng5 28.Nxg5 hxg5 29.f3 Ne6
30.Ne2 Bf6 31.Bb3 Kg7 32.Bc3 Nf4 33.Nc1 Kh7 34.Kh2 Bg7 35.Nd3 f6 36.Nf2 Rf8
37.Qa2 Bh8 38.g3 Nh5 39.Be6 Bg7 40.Bxc8 Rfxc8 41.Kg2 Re8 42.R1d3 Bf8 43.Qd2 Qf7
44.Rd7 Re7 45.Rxc7 Rxc7 46.Ng4 Qe6 47.Bb2 Be7 48.h4 f5 49.exf5 gxf5 50.Nxe5 gxh4
51.g4 Ng3 52.Rd7 Rxd7 53.Qxd7 Qxd7 54.Nxd7 fxg4 55.fxg4 Ne2 56.Be5 Bg5 57.Nb8 Kg6
58.Nxc6 Bd2 59.Ne7+ Kf7 60.Nd5 Ke6 61.c6 Kxd5 62.c7 Kxe5 63.c8=Q Nd4 64.Qxa6 Bxb4
65.Qb6  1-0

[Event "Kaissa Open"]
[Site "Kharkov UKR"]
[Date "2002.01.25"]
[Round "4"]
[White "Fingerov,D"]
[Black "Kovalenko,N"]
[Result "1-0"]
[WhiteElo "2410"]
[BlackElo "2172"]

1.e4 g6 2.d4 Bg7 3.Nc3 c6 4.Nf3 d5 5.Bd3 dxe4 6.Nxe4 Nf6 7.Nxf6+ Bxf6 8.c3 O-O
9.O-O Nd7 10.Qe2 Nb6 11.Bf4 Nd5 12.Bg3 Bg4 13.h3 Be6 14.Rfe1 Qc8 15.Rad1 a5
16.Nd2 b6 17.Ne4 Bg7 18.c4 Nb4 19.Bb1 Bf5 20.d5 cxd5 21.cxd5 Qa6 22.Qf3 Rad8
23.d6 exd6 24.Bxd6 Rfe8 25.Ng5 Qa8 26.Rxe8+ Rxe8 27.Qb3 Be6 28.Nxe6 Rxe6
29.a3 Qc6 30.Bg3 Na6 31.Ba2 Nc5 32.Rd8+ Bf8 33.Qc3 Re8 34.Qc4 Re1+ 35.Kh2 Re6
36.Qf4 Rf6 37.Qb8 Ne6 38.Bxe6 fxe6 39.Bd6  1-0

[Event "Corus Tens"]
[Site "Wijk aan Zee NED"]
[Date "2002.01.27"]
[Round "9"]
[White "Arakhamia,K"]
[Black "Istratescu,A"]
[Result "0-1"]
[WhiteElo "2410"]
[BlackElo "2605"]

1.e4 g6 2.d4 Bg7 3.Nc3 c6 4.Be3 Qb6 5.Rb1 d6 6.Nf3 Qc7 7.Qd2 Nd7 8.Bc4 Nb6
9.Bb3 Nf6 10.Bh6 O-O 11.O-O c5 12.dxc5 Qxc5 13.Bxg7 Kxg7 14.Qf4 e5 15.Qh4 Bg4
16.Ng5 Bd7 17.Rbd1 h6 18.Nf3 Rad8 19.Rd3 Bc6 20.Rfd1 Nh5 21.Ne1 Nf4 22.Rg3 d5
23.Nd3 Nxd3 24.Rdxd3 d4 25.Bxf7 Kxf7 26.Qxh6 Ke8 27.Qxg6+ Kd7 28.Nd1 Kc7
29.c3 Kb8 30.h4 Bb5 31.Rd2 Nc4 32.cxd4 exd4 33.Rc2 Qb4 34.Qh5 Rh8 35.Qg4 Ka8
36.Kh2 Qe1 37.Rc1 Nd2 38.Ra3 Nf1+ 39.Kh3 Bd7  0-1

[Event "CMA Futurity"]
[Site "Montreal CAN"]
[Date "2002.01.30"]
[Round "7"]
[White "Gravel,S"]
[Black "Schwartz,Y"]
[Result "0-1"]
[WhiteElo "2261"]
[BlackElo "2317"]

1.e4 g6 2.d4 Bg7 3.Nc3 c6 4.Bc4 d5 5.exd5 b5 6.Bb3 b4 7.Nce2 cxd5 8.Nf3 Nf6
9.O-O O-O 10.Re1 a5 11.a3 Ba6 12.axb4 axb4 13.Bf4 Nc6 14.Ne5 Bxe2 15.Rxa8 Qxa8
16.Rxe2 Nxd4 17.Re3 Nh5 18.g3 Nxf4 19.gxf4 Nf5 20.Rd3 e6 21.Qe1 Qa5 22.Rd1 Ra8
23.h3 Qb6 24.Kg2 h5 25.Nd7 Qc7 26.Ne5 Qb7 27.Kh2 Qe7 28.f3 Bxe5 29.fxe5 Qg5
30.Kh1 Qf4 31.Rd3 d4 32.c3 dxc3 33.bxc3 Ra5 34.cxb4 Rxe5 35.Qf2 Re2  0-1

[Event "Open"]
[Site "Antalya TUR"]
[Date "2002.02.01"]
[Round "8"]
[White "Yilmaz,T"]
[Black "Chatalbashev,B"]
[Result "0-1"]
[WhiteElo "2283"]
[BlackElo "2529"]

1.e4 g6 2.d4 Bg7 3.Nc3 c6 4.Bc4 d6 5.a3 Nf6 6.Bb3 O-O 7.h3 e5 8.dxe5 dxe5
9.Qxd8 Rxd8 10.Nf3 Nbd7 11.Be3 h6 12.O-O-O Re8 13.g4 Nf8 14.a4 Nxg4 15.hxg4 Bxg4
16.Nd2 Bxd1 17.Kxd1 h5 18.Nf3 Ne6 19.Ng5 Nxg5 20.Bxg5 Kh7 21.Ke2 f6 22.Bh4 Rad8
23.f3 Bh6 24.Be1 Bc1 25.Nd1 Rd7 26.Bc4 b6 27.Bd3 a6 28.Bc3 Bf4 29.Nf2 b5
30.Ra1 Re6 31.b3 Bg3 32.Nd1 Bf4 33.Bb4 Bh6 34.Bc5 Re8 35.axb5 axb5 36.Ra6 Rc8
37.Nc3 h4 38.Kf2 Bd2 39.Nd1 Kg7 40.Kg2 Be1 41.Kh3 Kf7 42.Bf2 Bxf2 43.Nxf2 g5
44.Ng4 Ke7 45.Ne3 Rb7 46.Kg4 Kd7 47.Kf5 h3 48.Ng4 Rh8 49.Ra1 Ke7 50.Rh1 Ra7
51.Rh2 Ra1 52.Ne3 Kf7 53.Ng4 Rh4 54.c4 Rg1 55.cxb5 cxb5 56.Bxb5 Rg3 57.Bc4+ Kg7
58.Rf2 Rgxg4 59.fxg4 h2 60.Ra2 h1=Q 61.Ra7+ Kh6 62.Rf7 Qf3+ 63.Ke6 Qxg4+
64.Ke7 Rh2 65.Rxf6+ Kh5 66.Bf7+ Kh4 67.Bg6 Kg3 68.Bf5 Qd1 69.Ke6 Ra2 70.Kxe5  0-1

[Event "XVIII Open"]
[Site "Cappelle la Grande FRA"]
[Date "2002.02.14"]
[Round "6"]
[White "Vallin,G"]
[Black "Petrov,M"]
[Result "1-0"]
[WhiteElo "2356"]
[BlackElo "2476"]

1.d4 g6 2.e4 Bg7 3.Nc3 c6 4.f4 d5 5.e5 Nh6 6.Nf3 Bg4 7.Be3 Nf5 8.Bf2 f6 9.h3 Bxf3
10.Qxf3 fxe5 11.dxe5 e6 12.h4 Qa5 13.O-O-O Nd7 14.g4 Ne7 15.Bh3 Rf8 16.Qg3 b5
17.Kb1 Nb6 18.Ne2 Na4 19.b3 Nb6 20.Nd4 c5 21.Nxe6 d4 22.Nxg7+ Kf7 23.f5 Ned5
24.Be1 Qa3 25.e6+ Kxg7 26.Qe5+ Kg8 27.e7 Nxe7 28.Qe6+ Rf7 29.f6 Ned5 30.Rf1 Rf8
31.Bd2 Na4 32.bxa4 Qxh3 33.Bh6 Qc3 34.Bxf8  1-0

[Event "XVIII Open"]
[Site "Cappelle la Grande FRA"]
[Date "2002.02.14"]
[Round "6"]
[White "Payen,A"]
[Black "Iordachescu,V"]
[Result "0-1"]
[WhiteElo "2388"]
[BlackElo "2558"]

1.e4 g6 2.d4 Bg7 3.Nc3 c6 4.h3 d6 5.a4 Nf6 6.Be3 O-O 7.Qd2 a5 8.Nf3 Na6 9.Be2 Nb4
10.O-O e5 11.dxe5 dxe5 12.Rfd1 Qe7 13.Qc1 Nh5 14.Bf1 f5 15.Bc4+ Kh8 16.Bg5 Qc7
17.Qd2 fxe4 18.Bd8 Qxd8 19.Qxd8 exf3 20.g4 Nf4 21.Qh4 Nxc2 22.Rac1 g5 23.Qg3 Nd4
24.Kf1 b5 25.axb5 cxb5 26.Rxd4 exd4 27.Nxb5 Ne2 28.Bxe2 fxe2+ 29.Kxe2 Ba6
30.Rc5 Rab8 31.Qb3 Rxb5  0-1

[Event "Petrov Mem Open"]
[Site "St Petersburg RUS"]
[Date "2002.02.15"]
[Round "4"]
[White "Ambrus,E"]
[Black "Eliseev,A"]
[Result "0-1"]
[WhiteElo "2407"]
[BlackElo "2489"]

1.e4 g6 2.d4 Bg7 3.Nc3 c6 4.g3 d5 5.exd5 cxd5 6.Bg2 Nf6 7.Nge2 O-O 8.O-O Nc6
9.h3 b6 10.Bg5 e6 11.Qd2 Re8 12.g4 Ba6 13.a4 Na5 14.b3 Nb7 15.Nb5 Qd7 16.Nec3 Rec8
17.Rfe1 Bxb5 18.Nxb5 a6 19.Na3 b5 20.axb5 axb5 21.f3 Ne8 22.Bf1 Nbd6 23.Bf4 Qc6
24.Be5 Bf8 25.b4 Rab8 26.Rec1 Qc3 27.Qxc3 Rxc3 28.Nb1 Rxf3 29.Bg2 Bh6 30.Bxf3 Bxc1
31.Ra6 Rd8 32.Rb6 f6 33.Bg3 Be3+ 34.Bf2 Bxf2+ 35.Kxf2 Rc8 36.c3 Kf7 37.Ke1 Ke7
38.Be2 Ra8 39.Kd1 Nc7 40.Nd2 Nc4 41.Bxc4 bxc4 42.g5 fxg5 43.Nf3 Kf6 44.Rb7 Ne8
45.Ne5 Kf5 46.Rxh7 Nd6 47.Rd7 Nb5 48.Rf7+ Ke4 49.Rf3 Nxc3+ 50.Kd2 Nb1+ 51.Kc2 Kxd4
52.Nc6+ Ke4 53.Rf6 Na3+ 54.Kd2 Re8 55.Rxg6 d4 56.Rxg5 c3+ 57.Kd1 e5 58.h4 Kd5
59.b5 Nxb5 60.Nb4+ Kc4 61.Nc6 e4 62.Na5+ Kb4 63.Nc6+ Ka4 64.h5 d3 65.h6 c2+
66.Kc1 Rf8 67.Rg1 Kb3 68.Ne7 e3  0-1

[Event "TCh-FIN 2001-02"]
[Site "FIN"]
[Date "2002.02.16"]
[Round "7"]
[White "Nyysti,S"]
[Black "Sorsa,N"]
[Result "1-0"]
[WhiteElo "2245"]
[BlackElo "2261"]

1.e4 g6 2.d4 Bg7 3.Nc3 c6 4.Nf3 d6 5.Be3 Nf6 6.Qd2 O-O 7.Bh6 Nbd7 8.e5 Nd5
9.Nxd5 cxd5 10.h4 dxe5 11.h5 Bf6 12.hxg6 hxg6 13.Bxf8 Qxf8 14.dxe5 Nxe5 15.c3 Ng4
16.Ng5 Bg7 17.Qxd5 Bf5 18.Rd1 Bh6 19.Nf3 e5 20.Be2 Bf4 21.g3 Ne3 22.fxe3 Bxg3+
23.Kf1 Be6 24.Qe4 Bf5 25.Qb4 Qc8 26.Kg2  1-0

[Event "US Amateur Team East"]
[Site "Parsipanny USA"]
[Date "2002.02.18"]
[Round "5"]
[White "Sarkar,J"]
[Black "Castaneda,N"]
[Result "1-0"]
[WhiteElo "2382"]
[BlackElo "2215"]

1.e4 c6 2.d4 g6 3.Nc3 Bg7 4.f4 d6 5.Nf3 Bg4 6.Be3 Nd7 7.h3 Bxf3 8.Qxf3 e5
9.O-O-O exd4 10.Bxd4 Bxd4 11.Rxd4 Qf6 12.e5 dxe5 13.Ne4 Qe7 14.Nd6+ Kf8 15.Rd2 Ngf6
16.Bc4 e4 17.Qc3 e3 18.Rd3 Nc5 19.Rxe3 Qxd6 20.Rd1 Qxf4 21.Rf1 Qxf1+ 22.Bxf1 Ncd7
23.g4 h6 24.Qb4+ Kg7 25.Qxb7 Rhe8 26.Rxe8 Rxe8 27.Bg2 Re2 28.Bxc6 Ne5 29.Qb5 Re3
30.Qc5 Re1+ 31.Kd2 Re4 32.Bb7 Nf3+ 33.Kc3 Ng5 34.Qxa7 Re7 35.Qb8 Re3+ 36.Kc4 Rxh3
37.a4 Rh4 38.a5 Rxg4+ 39.Kb5 Ne6 40.a6 Nd7 41.Qc8 Rg5+ 42.Kc6 Ne5+ 43.Kd6 Nd4
44.c4 h5 45.a7 Nxc4+ 46.Qxc4 Nb5+ 47.Qxb5 Rxb5 48.a8=Q  1-0

[Event "Jersey Open"]
[Site "St Helier JCI"]
[Date "2002.02.28"]
[Round "5"]
[White "Quillan,G"]
[Black "Poley,V"]
[Result "1-0"]
[WhiteElo "2319"]
[BlackElo "2344"]

1.e4 g6 2.d4 Bg7 3.Nc3 c6 4.Be3 d5 5.Qd2 dxe4 6.Nxe4 Nd7 7.Bc4 Ngf6 8.Ng5 Nd5
9.N1f3 N7b6 10.Bb3 a5 11.a3 a4 12.Ba2 O-O 13.h4 h6 14.Nh3 Nxe3 15.fxe3 Qd6
16.Nf2 Nd7 17.Ne4 Qc7 18.h5 g5 19.Qd3 Ra5 20.O-O-O Nf6 21.Nxf6+ Bxf6 22.e4 g4
23.Nd2 Rd8 24.c3 Rg5 25.Rhf1 b5 26.e5 c5 27.exf6 e6 28.Bb1 Rf5 29.Qe3 Rxh5
30.Rh1 cxd4 31.Qe4 Kf8 32.Qh7 Rg5 33.Qxh6+ Ke8 34.Qxg5  1-0

[Event "Cupa Martisor Open"]
[Site "Bucharest ROM"]
[Date "2002.03.03"]
[Round "5"]
[White "Buescu,N"]
[Black "Sava,C"]
[Result "1-0"]
[WhiteElo "2245"]
[BlackElo "2020"]

1.e4 g6 2.d4 Bg7 3.Nc3 c6 4.g3 d5 5.Be3 dxe4 6.Nxe4 Bf5 7.Bg2 Nd7 8.Ne2 Ngf6
9.Nxf6+ Nxf6 10.O-O O-O 11.c4 Qd7 12.d5 cxd5 13.cxd5 Bh3 14.Bxh3 Qxh3 15.Nf4 Qf5
16.Qb3 b6 17.Rfd1 Ng4 18.Bd4 Ne5 19.Bxe5 Bxe5 20.Ng2 Qf6 21.Rd2 Rac8 22.Ne3 h5
23.Rad1 Rc7 24.Nc4 Bd6 25.Nxd6 exd6 26.Kg2 Rfc8 27.Qf3 Kg7 28.Re1 Rc2 29.Ree2 Qxb2
30.Re7 Qf6 31.Rxc2 Rxc2 32.Rxa7 Rc5 33.Ra6 Qe5 34.Rxb6 Rxd5 35.a4 h4 36.Rb3 Rd4
37.Re3 Qd5 38.Qxd5 Rxd5 39.Ra3 hxg3 40.hxg3 Ra5 41.Kf3 d5 42.Ke3 Kf6 43.Kd4 Ke6
44.Kc3 Ke5 45.Kb4 Ra8 46.a5 d4 47.f3 Kd5 48.a6 Rb8+ 49.Ka5 Kc5 50.Ra1 Rb5+
51.Ka4 Rb4+ 52.Ka3 Rb8 53.a7 Ra8 54.Kb3 Kb5 55.Ra2 f6 56.g4 f5 57.g5 f4 58.Ra1 Kc5
59.Ra4 Kb5 60.Rxd4 Rxa7 61.Rxf4 Kc5 62.Rf6 Rg7 63.Kc3 Kd5 64.Kd3 Rg8 65.Ke3 Rg7
66.Kf4 Rg8 67.Kg4 Rg7 68.f4 Rg8 69.f5 gxf5+ 70.Kxf5 Ra8 71.g6 Ra1 72.g7 Rg1
73.Rg6 Rf1+ 74.Kg5 Rg1+ 75.Kf6 Rf1+ 76.Ke7  1-0

[Event "Ciocaltea Mem"]
[Site "Bucharest ROM"]
[Date "2002.03.14"]
[Round "11"]
[White "Parligras,M"]
[Black "Vajda,L"]
[Result "1-0"]
[WhiteElo "2498"]
[BlackElo "2513"]

1.e4 g6 2.d4 Bg7 3.Nc3 c6 4.f4 d5 5.e5 Nh6 6.Nf3 Qb6 7.Na4 Qa5+ 8.c3 Bg4
9.b4 Qc7 10.Bd3 a5 11.b5 Nd7 12.h3 Bf5 13.g4 Be4 14.O-O f6 15.Qe2 fxe5 16.Nxe5 Nxe5
17.fxe5 Bxd3 18.Qxd3 Nf7 19.b6 Qc8 20.Nc5 O-O 21.Qe2 a4 22.Bf4 e6 23.Rf2 Ra5
24.Raf1 Rxc5 25.dxc5 Qd8 26.Qe3 Qe7 27.a3 Ra8 28.Qd4 Ra5 29.Kg2 g5 30.Bg3 Nd8
31.Qe3 Rxc5 32.h4 Rc4 33.Kh3 c5 34.hxg5 Re4 35.Qd2 c4 36.g6 hxg6 37.Bh4 Qe8
38.Bf6 Nc6 39.Bxg7 Kxg7 40.Rf8 Qe7 41.Qg5 Rxe5 42.Qxe7+ Nxe7 43.R1f7+ Kh6
44.Rxe7 Re3+ 45.Kg2 Rxc3 46.Rxb7  1-0

[Event "ch-DEN"]
[Site "Greve DEN"]
[Date "2002.03.26"]
[Round "4"]
[White "Pedersen,NV"]
[Black "Mortensen,E"]
[Result "1-0"]
[WhiteElo "2441"]
[BlackElo "2441"]

1.e4 g6 2.d4 Bg7 3.Nc3 c6 4.Bc4 d6 5.Qf3 e6 6.Nge2 b5 7.Bb3 a5 8.a3 Ba6 9.d5 exd5
10.exd5 c5 11.Ne4 Ne7 12.Nxc5 O-O 13.Nxa6 Nxa6 14.O-O Nc5 15.Ba2 Re8 16.Ng3 Nc8
17.Be3 Nd7 18.Ne4 Qh4 19.Bf4 Bxb2 20.Rae1 Be5 21.Ng5 Rf8 22.g3 Qh5 23.Qxh5 gxh5
24.Ne6 Bxf4 25.Nxf8 Kxf8 26.gxf4 Nc5 27.Re3 Ne7 28.Rh3 Ng6 29.Re1 Nxf4 30.Rh4 Ng6
31.Rxh5 Kg7 32.Rh3 Rc8 33.Rc3 Rc7 34.Kf1 Rb7 35.Re8 b4 36.axb4 Rxb4 37.Bb3 Rd4
38.Ke2 a4 39.Rc4 Rf4 40.Ba2 Rf5 41.Ke3 Kf6 42.f4 Ne7 43.Rxc5 dxc5 44.d6 Nd5+
45.Kd2 Rxf4 46.d7 Rd4+ 47.Ke1 Nc3 48.d8=Q+ Rxd8 49.Rxd8 Nxa2 50.Rc8 Ke5 51.Rxc5+ Kd4
52.Rc7 Nc3 53.Rxf7 a3 54.Rxh7 Nb5 55.Kd2 a2 56.Rh4+  1-0

[Event "6th Neckar Open"]
[Site "Deizisau GER"]
[Date "2002.03.30"]
[Round "5"]
[White "Kulaots,K"]
[Black "Kessler,D"]
[Result "1-0"]
[WhiteElo "2531"]
[BlackElo "2273"]

1.e4 g6 2.d4 Bg7 3.Nc3 c6 4.Nf3 d6 5.Be3 b5 6.Bd3 Nf6 7.Qd2 Ng4 8.Bg5 f6
9.Bh4 e5 10.h3 Nh6 11.a4 b4 12.Ne2 a5 13.c3 bxc3 14.Nxc3 Nf7 15.Bc4 Qe7 16.O-O O-O
17.Rfd1 Ra7 18.dxe5 dxe5 19.Nxe5 Qxe5 20.Bg3 Qc5 21.Bxb8 Rd7 22.Qe2 Kh8 23.Bf4 Ne5
24.Ba6 Rxd1+ 25.Rxd1 Be6 26.Be3 Qe7 27.f4 Nd7 28.Bc4 Rb8 29.Bxe6 Qxe6 30.Qd3 Nf8
31.f5 Qe7 32.Rd2 Qc7 33.Qd6 Qxd6 34.Rxd6 Rxb2 35.e5 gxf5 36.exf6 Ng6 37.fxg7+ Kxg7
38.Rxc6 Nh4 39.Bf2  1-0

[Event "SVK-Cup"]
[Site "Trencianske Teplice SVK"]
[Date "2002.03.31"]
[Round "3"]
[White "Kotan,L"]
[Black "Strachan,J"]
[Result "1/2-1/2"]
[WhiteElo "2350"]
[BlackElo "2219"]

1.e4 g6 2.d4 c6 3.Nc3 Bg7 4.Nf3 d6 5.Be3 Nf6 6.h3 O-O 7.Qd2 Qa5 8.Bd3 e5
9.dxe5 dxe5 10.Bh6 Nbd7 11.O-O Qc7 12.Qg5 Re8 13.Ne2 Nc5 14.Ng3 Qe7 15.Bxg7 Kxg7
16.Rae1 h6 17.Qe3 Kh7 18.b3 b6 19.a4 Qc7 20.Bc4 Be6 21.Qc3 Bxc4 22.Qxc4 Ne6
23.Ne2 Nh5 24.g3 a6 25.Qc3 f6 26.Rd1 Rad8 27.Nc1 Nc5 28.Qe3 Rxd1 29.Rxd1 Rd8
30.Nd3 Nxd3 31.Rxd3 a5 32.Nd2 Ng7 33.Nc4 Rxd3 34.Qxd3 Ne6 35.h4 h5 36.Nd2 Nc5
37.Qe3 Ne6 38.Kg2 Qd8 39.Qc3 Nc5 40.Qe3 Ne6 41.Nc4 Nd4 42.Qd3 Qc7 43.Ne3 Kg7
44.Qa6 Qb8 45.Qc4 Qg8 46.Qa6 Qb8 47.Kf1 Kf8 48.Qc4 Qd6 49.Kg2 Kg7 50.Qa6 Qb8
51.Nc4 Nxc2 52.Nxb6 Qd6 53.Qe2 Nd4  1/2-1/2

[Event "III Open"]
[Site "Dos Hermanas ESP"]
[Date "2002.04.06"]
[Round "2"]
[White "Del Rio Angelis,S"]
[Black "Diaz Castro,S"]
[Result "1/2-1/2"]
[WhiteElo "2509"]
[BlackElo "2141"]

1.d4 g6 2.e4 Bg7 3.Nc3 c6 4.Nf3 d6 5.Be2 Nf6 6.O-O O-O 7.a4 a5 8.Bg5 Qc7
9.Qd2 Re8 10.Rad1 e5 11.d5 c5 12.h3 Qe7 13.Qe3 Qf8 14.Nd2 h6 15.Bh4 Na6 16.Nc4 Nc7
17.Nb6 Ra7 18.Nb5 Nxb5 19.Bxb5 Rd8 20.g4 Qe7 21.c3 Qc7 22.Nc4 g5 23.Bg3 Nh7
24.f3 Bf6 25.Bf2 Kg7 26.b4 b6 27.bxa5 bxa5 28.Rd2 Nf8 29.Rb1 Ng6 30.Na3 Nf4
31.Bf1 Bd7 32.Rdb2 h5 33.Nb5 Bxb5 34.Rxb5 Rh8 35.c4 Kg6 36.Qb3 Qd8 37.Rb8 Qxb8
38.Qxb8 Rxb8 39.Rxb8 Be7 40.Be3  1/2-1/2

[Event "Golden Cleopatra"]
[Site "Cairo EGY"]
[Date "2002.04.12"]
[Round "6"]
[White "Tissir,M"]
[Black "Abdel Samee,M"]
[Result "1-0"]
[WhiteElo "2368"]
[BlackElo "2220"]

1.e4 g6 2.d4 Bg7 3.Nc3 c6 4.Bc4 b5 5.Bb3 b4 6.Qf3 Nf6 7.Nce2 Bb7 8.e5 Nd5
9.Nh3 O-O 10.Nhf4 Nxf4 11.Bxf4 Na6 12.h4 e6 13.h5 h6 14.O-O-O g5 15.Bd2 Rb8
16.Qg3 f5 17.exf6 Qxf6 18.f4 g4 19.Rh4 c5 20.Rxg4 Be4 21.f5 Bxf5 22.Rf1 Kh8
23.Rxf5 Qxf5 24.Rxg7 Rg8 25.Rxg8+ Rxg8 26.Qe5+ Qxe5 27.dxe5 Rxg2 28.Bc4 Nc7
29.Bxh6 Nd5 30.Kd2 Nb6 31.Bb5 Rh2 32.Bf8 Rxh5 33.Bxc5 Kg8 34.Bxb6 axb6 35.Bxd7 Rxe5
36.Nd4 Kf7 37.Kd3 Ke7 38.Nc6+  1-0

[Event "Donner Mem Rapid"]
[Site "Den Haag NED"]
[Date "2002.04.14"]
[Round "4"]
[White "Kuijpers,F"]
[Black "Hartoch,R"]
[Result "1/2-1/2"]
[WhiteElo "2381"]
[BlackElo "2318"]

1.e4 g6 2.d4 Bg7 3.Nc3 c6 4.Nf3 d6 5.a4 Nf6 6.Be2 O-O 7.O-O Nbd7 8.h3 Qc7
9.Be3 b6 10.Qd2 Bb7 11.Rfe1 a6 12.Bf1 Rad8 13.Bg5 e5 14.Rad1 Bc8 15.Nb1 Nb8  1/2-1/2

[Event "Open"]
[Site "Dubai UAE"]
[Date "2002.04.17"]
[Round "3"]
[White "Hakki,I"]
[Black "Minasian,Art"]
[Result "1/2-1/2"]
[WhiteElo "2431"]
[BlackElo "2576"]

1.e4 g6 2.d4 Bg7 3.Nc3 c6 4.Nf3 d6 5.Be3 Nd7 6.a4 Ngf6 7.h3 O-O 8.a5 Qc7
9.Be2 e5 10.dxe5 dxe5 11.Bc4 Nh5 12.O-O Ndf6 13.Qc1 Nf4 14.Bc5 Bh6 15.Be3 Bd7
16.Re1 b5 17.Bf1 Bg7 18.a6 Rfe8 19.b4 Rad8 20.Qa3 Bf8 21.Qb2 N6h5 22.Kh2 Rb8
23.g3 Ne6 24.Rab1 Bc8 25.Red1 Nf6 26.Bd3 Nd7 27.Qa2 Kg7 28.Ne2 Nb6 29.c4 bxc4
30.Bxc4 Qe7 31.Bd3 h6 32.Qa5 Qd6 33.Kg2 Nc7 34.Nd2  1/2-1/2

[Event "Classics IMA"]
[Site "Gausdal NOR"]
[Date "2002.04.18"]
[Round "9"]
[White "Tallaksen,G"]
[Black "Kourkounakis,I"]
[Result "0-1"]
[WhiteElo "2235"]
[BlackElo "2389"]

1.d4 g6 2.e4 Bg7 3.Nc3 c6 4.Be3 d5 5.Qd2 dxe4 6.Nxe4 Nd7 7.c3 Ngf6 8.Nxf6+ Nxf6
9.Bd3 Qd5 10.Nf3 Bg4 11.c4 Qd6 12.Ne5 c5 13.Bc2 O-O 14.h3 cxd4 15.Qxd4 Qxd4
16.Bxd4 Rfd8 17.Nxg4 Rxd4 18.Ne3 Bh6 19.b3 Rad8 20.Rd1 Rxd1+ 21.Bxd1 Ne4
22.Bf3 Nc3 23.Nd5 Nxa2 24.Nxe7+ Kf8 25.Nd5 Nc1 26.Ne3 b6 27.Bd1 Rd4 28.g3 a5
29.Bc2 b5 30.cxb5 Rb4 31.O-O Bxe3 32.fxe3 Nxb3 33.Bxb3 Rxb3 34.Rc1 Rxb5 35.Rc8+ Ke7
36.Ra8 Ke6 37.Ra7 h5 38.Kf2 g5 39.Kf3 f6 40.Ra6+ Ke5 41.Ra8 f5 42.Re8+ Kd5
43.Rg8 g4+ 44.hxg4 hxg4+ 45.Kf4 Kc4 46.Ra8 Kb3 47.e4 fxe4 48.Kxg4 a4 49.Kf4 a3
50.g4 a2 51.g5 e3 52.g6 Rb6 53.g7 Rg6 54.Kxe3 Rxg7 55.Rb8+ Kc2 56.Rc8+ Kd1
57.Rd8+ Ke1 58.Ra8 Rg2 59.Kd3 Kd1 60.Kc3 Kc1 61.Ra4 Rg3+  0-1

[Event "TCh-ISR"]
[Site "ISR"]
[Date "2002.04.19"]
[Round "9"]
[White "Chernomordik,P"]
[Black "Finkel,A"]
[Result "0-1"]
[WhiteElo "2260"]
[BlackElo "2487"]

1.e4 g6 2.d4 Bg7 3.Nc3 c6 4.Bc4 d6 5.Qf3 e6 6.Nge2 Nd7 7.a4 Qe7 8.O-O Ngf6
9.Bb3 e5 10.d5 Nc5 11.Bc4 a5 12.Rd1 h6 13.b3 Na6 14.dxc6 bxc6 15.Bxa6 Bxa6
16.Ba3 Rd8 17.Rd2 O-O 18.Rad1 Ne8 19.Qe3 Qc7 20.Bc5 Rd7 21.Bb6 Qb8 22.Bxa5 Rb7
23.Na2 f5 24.f3 Kh7 25.exf5 gxf5 26.Kh1 h5 27.f4 Nf6 28.Nec3 Ng4 29.Qh3 Kg8
30.Qxh5 d5 31.Qh3 Ne3 32.Re1 exf4 33.Ne2 c5 34.Qf3 Be5 35.g3 d4 36.Nxf4 Rh7
37.Rxe3 Bb7 38.Nd5 dxe3 39.Re2 Qa8  0-1

[Event "XX Open"]
[Site "Metz FRA"]
[Date "2002.04.20"]
[Round "8"]
[White "Barsov,A"]
[Black "Marechal,A"]
[Result "1-0"]
[WhiteElo "2527"]
[BlackElo "2311"]

1.d4 g6 2.e4 Bg7 3.Nc3 c6 4.h3 d5 5.Nf3 Nf6 6.e5 Ne4 7.Nxe4 dxe4 8.Ng5 c5
9.d5 Bxe5 10.Nxe4 O-O 11.c3 Nd7 12.Bh6 Re8 13.Bb5 a6 14.Bxd7 Qxd7 15.O-O b6
16.f4 Bg7 17.Bxg7 Kxg7 18.f5 gxf5 19.Qh5 f6 20.Ng3 Qd8 21.Rf4 Rh8 22.Re1 Qe8
23.Nxf5+ Bxf5 24.Qxf5 Qf7 25.Rg4+ Kf8 26.Re6 h5 27.Rge4 h4 28.d6 Rh5 29.dxe7+ Kg7
30.Rg4+ Kh8 31.e8=Q+  1-0

[Event "OUCC Open"]
[Site "Oxford ENG"]
[Date "2002.04.27"]
[Round "1"]
[White "Bigg,A"]
[Black "Evans Quek,D"]
[Result "1-0"]
[WhiteElo "2251"]
[BlackElo "2070"]

1.d4 g6 2.e4 Bg7 3.Nc3 c6 4.Bc4 d6 5.Nf3 b5 6.Bb3 a5 7.a3 e6 8.O-O Ba6 9.Re1 Nd7
10.Ne2 Ne7 11.Nf4 e5 12.Ng5 O-O 13.Nfe6 fxe6 14.Nxe6 Qc8 15.Nxf8+ Kxf8 16.Qf3+ Nf6
17.Bg5 Qg4 18.Bxf6 Qxf3 19.Bxg7+ Kxg7 20.gxf3 exd4 21.Rad1 c5 22.Bd5 Rf8
23.c3 dxc3 24.bxc3 Rxf3 25.e5 Nxd5 26.Rxd5 dxe5 27.Rxc5 Rf6 28.Rexe5 h5 29.Re7+ Kh6
30.h4 b4 31.cxb4 axb4 32.Rcc7 g5 33.Rh7+ Kg6 34.Rhg7+ Kf5  1-0

[Event "OUCC Open"]
[Site "Oxford ENG"]
[Date "2002.04.27"]
[Round "3"]
[White "Tippleston,C"]
[Black "Evans Quek,D"]
[Result "1/2-1/2"]
[WhiteElo "2200"]
[BlackElo "2070"]

1.e4 g6 2.d4 Bg7 3.Nc3 c6 4.Bc4 d6 5.Bb3 Nd7 6.f4 e6 7.Nf3 Ne7 8.O-O O-O
9.Qe1 d5 10.g4 Nf6 11.h3 b5 12.e5 Nd7 13.Ne2 c5 14.c3 a5 15.Bc2 c4 16.Ng3 Qb6
17.Kh2 b4 18.Rg1 b3 19.axb3 cxb3 20.Bb1 a4 21.f5 Nc6 22.f6 Nxf6 23.exf6 Bxf6
24.Bf4 Be7 25.Bd3 Ba6 26.Bxa6 Rxa6 27.Rg2 Rfa8 28.h4 a3 29.bxa3 Rxa3 30.Rb1 Ra2
31.Rxa2 Rxa2+ 32.Kh3 b2 33.Nf1 Qa5 34.Qd2 Qa3 35.Qc2 Bb4 36.Bd2 Na5 37.Kg2 Be7
38.Bh6 Nc4 39.N1d2 Nd6 40.Qd3 Ne4 41.Nxe4 dxe4 42.Qxe4 Qxc3 43.Qe5 Bf8 44.Qb8 Qa3
45.Bxf8 Qxf8 46.Qxf8+ Kxf8 47.Kf2 Ke7 48.Ke2 Kd6 49.Kd2 Kd5 50.Ng5 h5 51.Nxf7 hxg4
52.Ne5 g3 53.Kc2 Ra1 54.Nd3 Kxd4 55.Rxb2 g2 56.Nf4 g1=Q 57.Ne2+ Ke3 58.Nxg1 Rxg1  1/2-1/2